ISC ART OF EFFECTIVE ENGLISH: (Record no. 184012)

MARC details
000 -LEADER
fixed length control field 00574nam a22001817a 4500
005 - DATE AND TIME OF LATEST TRANSACTION
control field 20220110152754.0
010 ## - LCCN (DPL NO)
LC control number ENG-131059
020 ## - INTERNATIONAL STANDARD BOOK NUMBER
International Standard Book Number 978-93-52-839-322
Terms of availability 495.00
035 ## - SYSTEM CONTROL NUMBER
System control number EN-114591
037 ## - SOURCE OF ACQUISITION
Source of stock number/acquisition DBAD
082 ## - DEWEY DECIMAL CLASSIFICATION NUMBER
Classification number 485
100 ## - MAIN ENTRY--PERSONAL NAME
Personal name Singh, Meena
245 ## - TITLE STATEMENT
Title ISC ART OF EFFECTIVE ENGLISH:
Statement of responsibility, etc Meena Singh, O.P. Singh
Remainder of title For Classes XI-XII/
260 ## - PUBLICATION, DISTRIBUTION, ETC. (IMPRINT)
Place of publication, distribution, etc New Delhi
Name of publisher, distributor, etc S Chand School Books
Date of publication, distribution, etc 2013
270 ## - ADDRESS
City New Delhi
Address A-27, 2nd Floor, Mohan Co-operative Industrial Estate
Postal code 110044
300 ## - PHYSICAL DESCRIPTION
Extent 534p.
Dimensions 23cm(pbk)
942 ## - ADDED ENTRY ELEMENTS (KOHA)
Source of classification or shelving scheme Dewey Decimal Classification
Item type English Books
Classification part 485
Call number suffix SIN
Holdings
Withdrawn status Lost status Not for loan Collection code Home library Current library Date acquired Source of acquisition Cost, normal purchase price Full call number Barcode Copy number Cost, replacement price Koha item type
      Non-fiction Central Library Central Library 10/01/2022 DBAD/PUB 495.00 485 SIN EN-114591 1 495.00 English Books

© Delhi Public Library
Hit Counter
free hit counter